000 01704nam a22002777a 4500
001 5541
003 FISKH
005 20250131120947.0
008 241217b cb ||||| |||| 00| 0 eng d
020 _a9781407132716
040 _aFISKH
_beng
_cFISKH
_dFISKH
050 _aPZ7
082 _a612.65
100 _aJessen, Christian
245 _aDr Christian's guide to growing up :
_bBoys' & girls'questions answered by TV's favorite doctor /
_cby Dr Christian Jessen
260 _aScholastic :
_bNew York,
_c2013 .
300 _a96 pages :
_billustrations ;
_c25 cm .
505 _aZ
520 _a A child's guide to growing up & the facts of life by TV's favourite doctor. Finally TV's favourite doctor, Dr Christian, comes to the rescue of parents, boys and girls to answer all their questions about adolescence, sexuality and puberty. In his assured, no-nonsense fashion Dr Christian allays the fears, and uncertainties of growing youngsters (and helps parents find answers) about puberty, sex, personal and emotional health and body image. Leave it on the coffee table or sit down and go through it together- this book is a godsend for every family household with children under the age of 15. Addressing all those cringey questions parents squirm at answering, Dr Christian's sensible, light-hearted advice guides boys and girls on the path to be coming healthy, happy adults. Covering issues such as: Puberty Diet Sex Sexuality Self-esteem/body image Personal health Emotional health Bullying
521 8 _a980
_bLexile
521 8 _aZ
_bRaz-Plus
650 _agrowing up
_vNon-fiction
700 _aSemple, David
_eillustrator
942 _2ddc
_cBK
_n0
999 _c5541
_d5541